00429nam a22001577a 4500003000200000005001700002008004100019020002100060050002000081082002000101100002200121245004100143260004100184300002400225650002200249020231205104510.0231205b xxu||||| |||| 00| 0 eng d a978-048-6848-549 aCLbHem487 2022 aCLbHem487 2022 aHemingway, Ernest aThe sun also risescErnest Hemingway aNew YorkbDover Publicationscc2022. a194 pages ;c20cm.  aClassic stories.